Estampa europea de los siglos XV y XVI (Record no. 417)

MARC details
000 -CABECERA
campo de control de longitud fija 00876nam a2200241 a 4500
001 - NÚMERO DE CONTROL
campo de control BRCA_483
005 - FECHA Y HORA DE LA ÚLTIMA TRANSACCIÓN
campo de control 20190320203029.0
008 - DATOS DE LONGITUD FIJA--INFORMACIÓN GENERAL
campo de control de longitud fija 990111s1998 mx-a---##b---#000-0#spa-#
020 ## - NÚMERO INTERNACIONAL ESTÁNDAR DEL LIBRO
Número Internacional Estándar del Libro 9687794054
040 ## - FUENTE DE LA CATALOGACIÓN
Centro catalogador/agencia de origen DLC
Centro/agencia transcriptor DLC
Centro/agencia modificador DLC
050 #4 - SIGNATURA TOPOGRÁFICA DE LA BIBLIOTECA DEL CONGRESO
Número de clasificación NE625
Número de documento/Ítem .E82 1998
245 10 - MENCIÓN DE TÍTULO
Título Estampa europea de los siglos XV y XVI
Resto del título colección Manuel Alvarez Bravo.
260 ## - PUBLICACIÓN, DISTRIBUCIÓN, ETC.
Lugar de publicación, distribución, etc. México
Nombre del editor, distribuidor, etc. Museo Soumaya
Fecha de publicación, distribución, etc. 1998
300 ## - DESCRIPCIÓN FÍSICA
Extensión 258 p.
Otras características físicas il.
Dimensiones 34 cm.
Material acompañante/anejo 1 folleto
500 ## - NOTA GENERAL
Nota general Catálogo de la exposición realizada en el Museo Soumaya, mayo 1998
504 ## - NOTA DE BIBLIOGRAFÍA, ETC.
Nota de bibliografía, etc. Bibliografía : p. 254-257
600 14 - PUNTO DE ACCESO ADICIONAL DE MATERIA--NOMBRE DE PERSONA
Nombre de persona Álvarez Bravo, Manuel
Fechas asociadas al nombre 1902
Subdivisión de forma Exposiciones
Subdivisión general Colección de arte
9 (RLIN) 1659
650 14 - PUNTO DE ACCESO ADICIONAL DE MATERIA--TÉRMINO DE MATERIA
Término de materia o nombre geográfico como elemento de entrada Imprentas europeas
Subdivisión de forma Exposiciones
Subdivisión general Colecciones privadas
Subdivisión cronológica Siglo XV-XVI
9 (RLIN) 1660
650 14 - PUNTO DE ACCESO ADICIONAL DE MATERIA--TÉRMINO DE MATERIA
Término de materia o nombre geográfico como elemento de entrada Grabado
Subdivisión general Técnica
9 (RLIN) 1661
650 14 - PUNTO DE ACCESO ADICIONAL DE MATERIA--TÉRMINO DE MATERIA
Término de materia o nombre geográfico como elemento de entrada Heráldica
9 (RLIN) 1662
700 1# - PUNTO DE ACCESO ADICIONAL--NOMBRE DE PERSONA
Nombre de persona Alvarez Bravo, Manuel
Fechas asociadas al nombre 1902-
9 (RLIN) 1663
942 ## - ELEMENTOS DE PUNTO DE ACCESO ADICIONAL (KOHA)
Fuente del sistema de clasificación o colocación Library of Congress Classification
Tipo de ítem Koha Libros
Holdings
Estado de retiro Estado de pérdida Estado dañado No para préstamo Localización permanente Ubicación/localización actual Fecha de adquisición Total de préstamos Signatura topográfica completa Código de barras Fecha visto por última vez Precio válido a partir de Tipo de ítem Koha
El ejemplar forma parte de la colección y puede ser consultado según las políticas vigentes.       Biblioteca del Museo Franz Mayer (Rogerio Casas-Alatriste) Biblioteca del Museo Franz Mayer (Rogerio Casas-Alatriste) 25/06/2008   NE625 .E82 1998 00784 22/03/2019 22/03/2019 Libros